00848 2200325 4500001002100000005001500021035002000036007000300056040001700059245002300076250001100099300003500110041000800145082001000153084001600163090001600179264003400195336002100229337003000250338002300280650002300303850001000326008004100336020001800377100003200395500002900427990002200456990002200478990002200500INLIS00000000000495420260516084210 a0010-0222000044ta aSBPUPADbind1 aFilsafat Demokrasi aCet 2 ax, 141 hal. :billus. ;c23 cm0 aind a301,1 a301.1 HEN f aR TAS b 3 3 ajakarta :bBumi Aksara,c2008 2rdacontentaTeks 2rdamediaaTanpa Perantara 2rdacarrieraVolume 4aFilsafat Demokrasi aPUPAD260516 0  a979-526-854-60 aHendra NurtjahjoePengarang aTentang Penulis, hal 141 a1172/BR/KAPD/2011 a1173/BR/KAPD/2011 a1174/BR/KAPD/2011